[Event "Bayern-chTT (RL Nord-Ost)"]
[Site "Bayern 2008/09"]
[Date "2009.01.18"]
[Round "5.1"]
[White "Illetsko, Jaroslav"]
[Black "Kordts, Wolfgang"]
[Result "1/2-1/2"]
[WhiteElo "2120"]
[BlackElo "2147"]
[PlyCount "24"]
[EventDate "2009.03.??"]
[EventType "team-tourn"]
[EventRounds "9"]
[WhiteTeam "Windischeschenbach 1"]
[BlackTeam "Postbauer 1"]

1. d4 Nf6 2. Nf3 e6 3. g3 b6 4. Bg2 Bb7 5. O-O Be7 6. c4 O-O 7. Nc3 d5 8. Ne5
Na6 9. Bg5 c5 10. e3 Ne4 11. Bxe7 Qxe7 12. cxd5 exd5 1/2-1/2

[Event "Bayern-chTT (RL Nord-Ost)"]
[Site "Bayern 2008/09"]
[Date "2009.01.18"]
[Round "5.2"]
[White "Bauer, Andreas(67)"]
[Black "Mueller, Christian(72)"]
[Result "1/2-1/2"]
[WhiteElo "2125"]
[BlackElo "2061"]
[PlyCount "41"]
[EventDate "2009.03.??"]
[EventType "team-tourn"]
[EventRounds "9"]
[WhiteTeam "Postbauer 1"]
[BlackTeam "Windischeschenbach 1"]

1. e4 c6 2. d4 d5 3. Nd2 dxe4 4. Nxe4 Bf5 5. Ng3 Bg6 6. h4 h6 7. Nf3 Nd7 8. h5
Bh7 9. Bd3 Bxd3 10. Qxd3 e6 11. Bd2 Ngf6 12. O-O-O Be7 13. Kb1 O-O 14. Ne4 c5
15. dxc5 Nxc5 16. Nxf6+ Bxf6 17. Qxd8 Rfxd8 18. Be3 Na4 19. Rxd8+ Rxd8 20. c3
Rd5 21. Kc2 1/2-1/2

[Event "Bayern-chTT (RL Nord-Ost)"]
[Site "Bayern 2008/09"]
[Date "2009.01.18"]
[Round "5.3"]
[White "Kalous, Miroslav"]
[Black "Roeber, Juergen"]
[Result "1/2-1/2"]
[WhiteElo "2060"]
[BlackElo "2077"]
[PlyCount "23"]
[EventDate "2009.03.??"]
[EventType "team-tourn"]
[EventRounds "9"]
[WhiteTeam "Windischeschenbach 1"]
[BlackTeam "Postbauer 1"]

1. d4 Nf6 2. Nf3 e6 3. Bf4 Be7 4. e3 b6 5. h3 Bb7 6. Nbd2 d5 7. Bd3 O-O 8. O-O
c5 9. c3 Nbd7 10. Qb1 Re8 11. Bh2 c4 12. Be2 1/2-1/2

[Event "Bayern-chTT (RL Nord-Ost)"]
[Site "Bayern 2008/09"]
[Date "2009.01.18"]
[Round "5.4"]
[White "Fischer, Erich(41)"]
[Black "Zant, Juergen"]
[Result "1/2-1/2"]
[WhiteElo "1933"]
[BlackElo "1978"]
[PlyCount "21"]
[EventDate "2009.03.??"]
[EventType "team-tourn"]
[EventRounds "9"]
[WhiteTeam "Postbauer 1"]
[BlackTeam "Windischeschenbach 1"]

1. d4 d5 2. Nf3 Nf6 3. Bg5 Ne4 4. Bf4 e6 5. c3 Bd6 6. e3 O-O 7. Nbd2 f5 8. Bd3
Nc6 9. O-O Kh8 10. Rc1 Be7 11. Ne5 1/2-1/2

[Event "Bayern-chTT (RL Nord-Ost)"]
[Site "Bayern 2008/09"]
[Date "2009.01.18"]
[Round "5.5"]
[White "Laubert, Johannes"]
[Black "Hoffmann, Ayar"]
[Result "1/2-1/2"]
[WhiteElo "2066"]
[BlackElo "1872"]
[PlyCount "28"]
[EventDate "2009.03.??"]
[EventType "team-tourn"]
[EventRounds "9"]
[WhiteTeam "Windischeschenbach 1"]
[BlackTeam "Postbauer 1"]

1. e4 c5 2. Nf3 e6 3. d4 cxd4 4. Nxd4 Qb6 5. Nb3 Qc7 6. Nc3 a6 7. Bd3 Nf6 8.
O-O Be7 9. f4 d6 10. Qe2 Nbd7 11. Be3 b6 12. Bd4 Bb7 13. e5 dxe5 14. fxe5 Nd5
1/2-1/2

[Event "Bayern-chTT (RL Nord-Ost)"]
[Site "Bayern 2008/09"]
[Date "2009.01.18"]
[Round "5.6"]
[White "Kordts, Florian"]
[Black "Kaeck, Ralf"]
[Result "1/2-1/2"]
[WhiteElo "1800"]
[BlackElo "1987"]
[PlyCount "29"]
[EventDate "2009.03.??"]
[EventType "team-tourn"]
[EventRounds "9"]
[WhiteTeam "Postbauer 1"]
[BlackTeam "Windischeschenbach 1"]

1. c4 Nf6 2. Nf3 g6 3. g3 Bg7 4. Bg2 c6 5. O-O O-O 6. Qc2 d5 7. b3 e5 8. Nxe5
Ng4 9. d4 Nxe5 10. dxe5 dxc4 11. bxc4 Bxe5 12. Bb2 Qf6 13. Bxe5 Qxe5 14. e4 Be6
15. Nd2 1/2-1/2

[Event "Bayern-chTT (RL Nord-Ost)"]
[Site "Bayern 2008/09"]
[Date "2009.01.18"]
[Round "5.8"]
[White "Grimm, Pascal"]
[Black "Zimmermann, Andre(85)"]
[Result "1/2-1/2"]
[WhiteElo "1842"]
[BlackElo "1972"]
[PlyCount "25"]
[EventDate "2009.03.??"]
[EventType "team-tourn"]
[EventRounds "9"]
[WhiteTeam "Postbauer 1"]
[BlackTeam "Windischeschenbach 1"]

1. b3 Nf6 2. Bb2 d5 3. f4 e6 4. Nf3 c5 5. e3 Nc6 6. Bb5 Bd7 7. O-O Be7 8. d3
O-O 9. Bxc6 Bxc6 10. Ne5 Qc7 11. Nd2 b5 12. Qe1 Ne8 13. Nxc6 1/2-1/2

[Event "Bayern-chTT (RL Nord-Ost)"]
[Site "Bayern 2008/09"]
[Date "2009.02.01"]
[Round "6.1"]
[White "Seyb, Alexander"]
[Black "Mueller, Christian(72)"]
[Result "1-0"]
[WhiteElo "2235"]
[BlackElo "2061"]
[PlyCount "41"]
[EventDate "2009.03.??"]
[EventType "team-tourn"]
[EventRounds "9"]
[WhiteTeam "Großenseebach 1"]
[BlackTeam "Windischeschenbach 1"]

1. e4 c6 2. d4 d5 3. e5 c5 4. dxc5 Nc6 5. Bb5 e6 6. Be3 Nge7 7. c3 Bd7 8. Bxc6
Nxc6 9. f4 g5 10. fxg5 h6 11. Nf3 Qc7 12. Nbd2 Nxe5 13. Nb3 hxg5 14. Bxg5 Bh6
15. Bf6 Nxf3+ 16. Qxf3 Rg8 17. O-O Bb5 18. Rf2 Rg6 19. Re1 Bg7 20. Bxg7 Rxg7
21. Rxe6+ 1-0

[Event "Bayern-chTT (RL Nord-Ost)"]
[Site "Bayern 2008/09"]
[Date "2009.02.01"]
[Round "6.2"]
[White "Kalous, Miroslav"]
[Black "Linsenmeyer, Mario"]
[Result "1-0"]
[WhiteElo "2060"]
[BlackElo "2058"]
[PlyCount "59"]
[EventDate "2009.03.??"]
[EventType "team-tourn"]
[EventRounds "9"]
[WhiteTeam "Windischeschenbach 1"]
[BlackTeam "Großenseebach 1"]

1. d4 Nf6 2. Nf3 e6 3. e3 c5 4. Bd3 d5 5. b3 Be7 6. O-O O-O 7. Nbd2 Nc6 8. a3
Re8 9. Bb2 b6 10. Ne5 Qc7 11. f4 Bf8 12. Rf3 cxd4 13. Nxc6 Qxc6 14. Bxd4 Ne4
15. Bxe4 dxe4 16. Rg3 Rd8 17. Nc4 f6 18. Qh5 Rd5 19. Qh4 Rxd4 20. exd4 b5 21.
Ne3 Kh8 22. Rd1 Bb7 23. c4 Rd8 24. Qh5 bxc4 25. bxc4 Qb6 26. Rh3 h6 27. Qf7 Kh7
28. Ng4 e5 29. fxe5 fxe5 30. Rxh6+ 1-0

[Event "Bayern-chTT (RL Nord-Ost)"]
[Site "Bayern 2008/09"]
[Date "2009.02.01"]
[Round "6.3"]
[White "Seyb, Dieter"]
[Black "Zant, Juergen"]
[Result "1/2-1/2"]
[WhiteElo "2239"]
[BlackElo "1978"]
[PlyCount "81"]
[EventDate "2009.03.??"]
[EventType "team-tourn"]
[EventRounds "9"]
[WhiteTeam "Großenseebach 1"]
[BlackTeam "Windischeschenbach 1"]

1. e4 e6 2. d4 c5 3. Nf3 a6 4. c3 cxd4 5. cxd4 d5 6. e5 Nc6 7. Nc3 Bd7 8. Bd3
Qb6 9. Na4 Qa5+ 10. Nc3 Qb6 11. O-O Nxd4 12. Nxd4 Qxd4 13. Qe2 g6 14. Kh1 Qh4
15. f4 Nh6 16. Bd2 Bc5 17. Be1 Qe7 18. Rc1 Rc8 19. Qf3 Nf5 20. Bxf5 gxf5 21.
Qh5 Be3 22. Bh4 Qf8 23. Rcd1 Rg8 24. Bf6 Bc6 25. Ne2 d4 26. Ng3 Kd7 27. Rxd4+
Bxd4 28. Rd1 Bd5 29. Rxd4 Rc1+ 30. Rd1 Rxd1+ 31. Qxd1 Qc5 32. a3 Qc6 33. Qd2
Kc8 34. Be7 h5 35. Bg5 Qb5 36. h4 Kb8 37. Nxh5 Rc8 38. Nf6 Ka8 39. Kh2 Bc6 40.
h5 Qb6 41. h6 1/2-1/2

[Event "Bayern-chTT (RL Nord-Ost)"]
[Site "Bayern 2008/09"]
[Date "2009.02.01"]
[Round "6.4"]
[White "Laubert, Johannes"]
[Black "Rosin, Ralf"]
[Result "0-1"]
[WhiteElo "2066"]
[BlackElo "1990"]
[PlyCount "80"]
[EventDate "2009.03.??"]
[EventType "team-tourn"]
[EventRounds "9"]
[WhiteTeam "Windischeschenbach 1"]
[BlackTeam "Großenseebach 1"]

1. e4 e5 2. Nf3 Nc6 3. Bc4 Nf6 4. Ng5 d5 5. exd5 b5 6. Bf1 Nd4 7. c3 Nxd5 8.
cxd4 Qxg5 9. Bxb5+ Bd7 10. Bxd7+ Kxd7 11. O-O exd4 12. Qa4+ c6 13. Qxd4 Bd6 14.
Nc3 Rhe8 15. d3 Qe5 16. Qh4 f5 17. d4 Qe6 18. Bd2 Qf7 19. Rfe1 Rh8 20. Nxd5
Qxd5 21. Bf4 g5 22. Bxg5 Rag8 23. g3 h6 24. Bf6 Rh7 25. Qh5 Rf7 26. Be5 f4 27.
Qh3+ Kc7 28. Rac1 Rg6 29. Qh5 fxg3 30. hxg3 Rg5 31. Bxd6+ Kxd6 32. Qxh6+ Kc7
33. Rxc6+ Kb7 34. Rc2 Rh5 35. Qxh5 Qxh5 36. Rec1 Qf3 37. Kf1 Rh7 38. Ke1 Re7+
39. Kd2 Re2+ 40. Kd1 Qd3+ 0-1

[Event "Bayern-chTT (RL Nord-Ost)"]
[Site "Bayern 2008/09"]
[Date "2009.02.01"]
[Round "6.6"]
[White "Zimmermann, Andre(85)"]
[Black "Quaschner, Tobias"]
[Result "1/2-1/2"]
[WhiteElo "1972"]
[BlackElo "1914"]
[PlyCount "83"]
[EventDate "2009.03.??"]
[EventType "team-tourn"]
[EventRounds "9"]
[WhiteTeam "Windischeschenbach 1"]
[BlackTeam "Großenseebach 1"]

1. d4 Nf6 2. Nf3 b6 3. g3 e6 4. Bg2 Bb7 5. O-O Be7 6. c4 d5 7. Ne5 O-O 8. Nc3
c5 9. e3 Nc6 10. b3 Rc8 11. Nxc6 Bxc6 12. cxd5 Nxd5 13. Nxd5 Bxd5 14. Ba3 Bxg2
15. Kxg2 cxd4 16. Bxe7 Qxe7 17. Qxd4 Rfd8 18. Qe4 f5 19. Qa4 Qb7+ 20. Kg1 b5
21. Qb4 Rd5 22. Rac1 Rcd8 23. Qa5 R8d7 24. a4 b4 25. Rc5 Rd1 26. Qb5 Rxf1+ 27.
Qxf1 Qf3 28. Rc1 Rd2 29. h4 Kf7 30. Qg2 Rd1+ 31. Rxd1 Qxd1+ 32. Kh2 Qxb3 33.
Qb7+ Kf6 34. Qb8 Qc2 35. Qf8+ Kg6 36. Qe8+ Kh6 37. Kh3 Qxf2 38. Qxe6+ g6 39.
Qe7 Qf1+ 40. Kh2 Qe2+ 41. Kg1 Qd1+ 42. Kh2 1/2-1/2

[Event "Bayern-chTT (RL Nord-Ost)"]
[Site "Bayern 2008/09"]
[Date "2009.02.01"]
[Round "6.7"]
[White "Rosenzweig, Juergen"]
[Black "Steimar, Miroslav"]
[Result "1/2-1/2"]
[WhiteElo "1802"]
[BlackElo "1954"]
[PlyCount "37"]
[EventDate "2009.03.??"]
[EventType "team-tourn"]
[EventRounds "9"]
[WhiteTeam "Großenseebach 1"]
[BlackTeam "Windischeschenbach 1"]

1. e4 b6 2. Bc4 Bb7 3. Nc3 e6 4. Nf3 Nf6 5. d3 d5 6. exd5 Nxd5 7. Nxd5 Bxd5 8.
Bxd5 Qxd5 9. O-O Bd6 10. Re1 O-O 11. Qe2 Nd7 12. Bd2 Qh5 13. Bc3 a5 14. Ne5
Qxe2 15. Rxe2 Bxe5 16. Bxe5 Nxe5 17. Rxe5 Rad8 18. Kf1 Rd6 19. Rae1 1/2-1/2

[Event "Bayern-chTT (RL Nord-Ost)"]
[Site "Bayern 2008/09"]
[Date "2009.02.01"]
[Round "6.8"]
[White "Schoen, Rudolf"]
[Black "Quaschner, Manuel"]
[Result "1-0"]
[WhiteElo "1921"]
[BlackElo "1717"]
[PlyCount "47"]
[EventDate "2009.03.??"]
[EventType "team-tourn"]
[EventRounds "9"]
[WhiteTeam "Windischeschenbach 1"]
[BlackTeam "Großenseebach 1"]

1. e4 c5 2. Nc3 Nc6 3. f4 e6 4. Nf3 g6 5. Bb5 Bg7 6. Bxc6 bxc6 7. O-O Ne7 8. d3
Ba6 9. e5 Nd5 10. Ne4 O-O 11. c4 f5 12. Nd6 Ne7 13. Qe1 Qb6 14. Qf2 Rab8 15. b3
Qa5 16. Bd2 Qc7 17. Be3 Ra8 18. Bxc5 Nc8 19. b4 Rd8 20. Ng5 Nxd6 21. Bxd6 Qc8
22. a4 h6 23. Nf3 Bf8 24. Qg3 1-0

[Event "Bayern-chTT (RL Nord-Ost)"]
[Site "Bayern 2008/09"]
[Date "2009.02.01"]
[Round "6.1"]
[White "Kordts, Wolfgang"]
[Black "Palek, Miroslav"]
[Result "1/2-1/2"]
[WhiteElo "2147"]
[BlackElo "2133"]
[PlyCount "75"]
[EventDate "2009.03.??"]
[EventType "team-tourn"]
[EventRounds "9"]
[WhiteTeam "Postbauer 1"]
[BlackTeam "Dietfurt 1"]

1. d4 Nf6 2. c4 c5 3. d5 e5 4. Nc3 d6 5. e4 Be7 6. Nf3 Nbd7 7. Be2 Nf8 8. h4 h5
9. g3 Ng6 10. a3 Bd7 11. b4 Qc8 12. Bd2 Ng4 13. Nh2 Nf6 14. Nf3 b6 15. Ng5 Ng4
16. Rb1 Nf8 17. Rb2 g6 18. Qb3 f6 19. Nf3 Nh7 20. Nh2 Nxh2 21. Rxh2 O-O 22. Nd1
f5 23. exf5 Bxf5 24. Ne3 Nf6 25. Nxf5 Qxf5 26. Be3 Ng4 27. Bxg4 Qxg4 28. Qd3
Bf6 29. Qe2 Qf5 30. Rb3 Rf7 31. Rg2 Bg7 32. bxc5 bxc5 33. g4 Qe4 34. Rg1 hxg4
35. Rxg4 Qf5 36. Rg5 Qe4 37. Rg4 Qf5 38. Rg5 1/2-1/2

[Event "Bayern-chTT (RL Nord-Ost)"]
[Site "Bayern 2008/09"]
[Date "2009.02.01"]
[Round "6.2"]
[White "Blodig, Reinhard"]
[Black "Bauer, Andreas(67)"]
[Result "1-0"]
[WhiteElo "2067"]
[BlackElo "2125"]
[PlyCount "167"]
[EventDate "2009.03.??"]
[EventType "team-tourn"]
[EventRounds "9"]
[WhiteTeam "Dietfurt 1"]
[BlackTeam "Postbauer 1"]

1. g3 e5 2. c4 c5 3. Bg2 Nc6 4. Nc3 g6 5. e3 Bg7 6. Nge2 Nge7 7. O-O d6 8. b3
O-O 9. Bb2 Be6 10. Nd5 Qd7 11. d3 Bh3 12. Nec3 Nxd5 13. Bxh3 Qxh3 14. cxd5 Ne7
15. Qf3 Rad8 16. Qg2 Qxg2+ 17. Kxg2 a6 18. e4 f5 19. Bc1 f4 20. f3 h5 21. Bd2
g5 22. Rac1 Ng6 23. Ne2 Bh6 24. Rc2 b6 25. b4 g4 26. h3 gxf3+ 27. Rxf3 Kh7 28.
bxc5 bxc5 29. Be1 Rb8 30. g4 Rb1 31. gxh5 Nh8 32. Kf1 Bg5 33. Nc3 Ra1 34. Rb2
Bh4 35. Nb1 Bxe1 36. Kxe1 Rg8 37. Rf1 Kh6 38. Kd1 Kxh5 39. Kc1 Kh4 40. Rd1 Ng6
41. Rb6 Rxa2 42. Rxd6 f3 43. Nc3 Rg2 44. Rxa6 Kxh3 45. Rf1 Kg3 46. d6 Nf4 47.
d7 Nxd3+ 48. Kd1 Nb2+ 49. Kc1 Nd3+ 50. Kd1 Nf4 51. Rd6 Ra8 52. Nb1 Rb2 53. Kc1
Rbb8 54. Kc2 f2 55. Nd2 Kg2 56. Rd1 Rd8 57. Nf1 Ra7 58. Ne3+ Kf3 59. Nc4 Kxe4
60. R6d2 Raxd7 61. Rxd7 f1=Q 62. Nd2+ Kf5 63. Nxf1 Rxd7 64. Rxd7 Ne2 65. Kd3
Ke6 66. Rc7 Nf4+ 67. Kc4 Kd6 68. Rxc5 Ne6 69. Rd5+ Ke7 70. Rxe5 Kd6 71. Rd5+
Kc6 72. Nd2 Nc7 73. Rh5 Ne6 74. Ne4 Nc7 75. Rh6+ Kd7 76. Nc5+ Ke7 77. Kd4 Nb5+
78. Ke5 Nc7 79. Rh7+ Kd8 80. Ne6+ Nxe6 81. Kxe6 Kc8 82. Kd6 Kb8 83. Kc6 Ka8 84.
Kb6 1-0

[Event "Bayern-chTT (RL Nord-Ost)"]
[Site "Bayern 2008/09"]
[Date "2009.02.01"]
[Round "6.3"]
[White "Wiesinger, Robert"]
[Black "Palkova, Katerina"]
[Result "0-1"]
[WhiteElo "2267"]
[BlackElo "2036"]
[PlyCount "88"]
[EventDate "2009.03.??"]
[EventType "team-tourn"]
[EventRounds "9"]
[WhiteTeam "Postbauer 1"]
[BlackTeam "Dietfurt 1"]

1. e4 d6 2. d4 Nf6 3. Nc3 c6 4. f4 Qa5 5. Bd3 e5 6. Nf3 Bg4 7. Be3 Nbd7 8. O-O
Be7 9. h3 Bxf3 10. Qxf3 O-O 11. a3 Qc7 12. Ne2 Rfe8 13. c3 Bf8 14. g4 Re7 15.
g5 Ne8 16. Rf2 c5 17. Raf1 Rd8 18. Ng3 cxd4 19. cxd4 exd4 20. Bxd4 Nc5 21. Bb1
Ne6 22. Bc3 Red7 23. Ba2 Qb6 24. f5 Nxg5 25. Qg4 h6 26. h4 Nh7 27. Nh5 d5 28.
f6 g6 29. Bxd5 Rxd5 30. exd5 Bc5 31. Nf4 Nexf6 32. Qg2 Rd7 33. Kh1 Bxf2 34.
Rxf2 Qd6 35. Qf3 Nxd5 36. Rd2 Nhf6 37. Bxf6 Qxf6 38. Rxd5 Rxd5 39. Qxd5 Qxf4
40. Qxb7 Qxh4+ 41. Kg2 Qd4 42. Qb5 Kg7 43. a4 Qg4+ 44. Kh2 Qh4+ 0-1

[Event "Bayern-chTT (RL Nord-Ost)"]
[Site "Bayern 2008/09"]
[Date "2009.02.01"]
[Round "6.4"]
[White "Blodig, Stefan"]
[Black "Roeber, Juergen"]
[Result "1/2-1/2"]
[WhiteElo "2005"]
[BlackElo "2077"]
[PlyCount "153"]
[EventDate "2009.03.??"]
[EventType "team-tourn"]
[EventRounds "9"]
[WhiteTeam "Dietfurt 1"]
[BlackTeam "Postbauer 1"]

1. e4 c5 2. c3 Nf6 3. e5 Nd5 4. d4 cxd4 5. cxd4 e6 6. Bd3 d6 7. Nf3 Bd7 8. O-O
Bc6 9. Nc3 Nxc3 10. bxc3 Nd7 11. Re1 dxe5 12. Nxe5 Nxe5 13. Rxe5 Bd6 14. Rh5 g6
15. Rh3 Qf6 16. Be3 Rc8 17. Qd2 O-O 18. Bg5 Qh8 19. Re1 Rfe8 20. Qe2 Be7 21. f4
Bxg5 22. fxg5 Bd5 23. Be4 Red8 24. Rf3 Qg7 25. h4 Rc7 26. Rh3 Bxe4 27. Qxe4 b5
28. Rb1 a6 29. Rf3 Rdc8 30. Rbf1 Rxc3 31. Rxf7 Qxf7 32. Rxf7 Kxf7 33. Qb7+ R3c7
34. Qxa6 Rd8 35. Qxb5 Rxd4 36. g3 Rd2 37. Qf1+ Kg8 38. Qe1 Rd6 39. Qe5 Rd1+ 40.
Kg2 Rc2+ 41. Kh3 Rh1+ 42. Kg4 Rc4+ 43. Kf3 Rf1+ 44. Kg2 Rf7 45. Qxe6 Rcc7 46.
a4 Rce7 47. Qc8+ Kg7 48. a5 Rc7 49. Qe6 Ra7 50. a6 Rae7 51. Qd5 Ra7 52. Qc4
Rac7 53. Qd4+ Kg8 54. g4 Rcd7 55. Qc4 Rc7 56. Qb3 Ra7 57. Qb8+ Kg7 58. h5 gxh5
59. gxh5 Rfe7 60. Qd6 Rad7 61. Qf6+ Kg8 62. Qb6 Kf7 63. Kf3 Kg7 64. Kf4 Rc7 65.
Qb3 Rcd7 66. Qc3+ Kg8 67. g6 Rc7 68. Qb2 hxg6 69. hxg6 Rc6 70. Kg5 Rxa6 71. Kh6
Rh7+ 72. Kg5 Re7 73. Qb3+ Kf8 74. Kh6 Ree6 75. Qb8+ Ke7 76. Qc7+ Ke8 77. Qc8+
1/2-1/2

[Event "Bayern-chTT (RL Nord-Ost)"]
[Site "Bayern 2008/09"]
[Date "2009.02.01"]
[Round "6.5"]
[White "Fischer, Erich(41)"]
[Black "Bader, Dominic"]
[Result "0-1"]
[WhiteElo "1933"]
[BlackElo "1936"]
[PlyCount "52"]
[EventDate "2009.03.??"]
[EventType "team-tourn"]
[EventRounds "9"]
[WhiteTeam "Postbauer 1"]
[BlackTeam "Dietfurt 1"]

1. c4 Nf6 2. Nc3 g6 3. g3 Bg7 4. Bg2 O-O 5. d4 d6 6. e4 Nbd7 7. Nge2 e5 8. d5
Ne8 9. O-O f5 10. exf5 gxf5 11. f4 Kh8 12. Be3 Nb6 13. b3 Bd7 14. Rc1 Rg8 15.
Qd2 Nc8 16. g4 fxg4 17. Ng3 Ne7 18. f5 Qc8 19. Nce4 Nxf5 20. Ng5 Rf8 21. Be4
Nxe3 22. Rxf8+ Bxf8 23. Qxe3 Nf6 24. Rf1 Bg7 25. Nf5 Qg8 26. Ne7 Qe8 0-1

[Event "Bayern-chTT (RL Nord-Ost)"]
[Site "Bayern 2008/09"]
[Date "2009.02.01"]
[Round "6.7"]
[White "Kordts, Florian"]
[Black "Bothe, Matthias"]
[Result "1/2-1/2"]
[WhiteElo "1800"]
[BlackElo "1840"]
[PlyCount "52"]
[EventDate "2009.03.??"]
[EventType "team-tourn"]
[EventRounds "9"]
[WhiteTeam "Postbauer 1"]
[BlackTeam "Dietfurt 1"]

1. c4 c5 2. g3 Nc6 3. Bg2 Nf6 4. Nc3 g6 5. e3 Bg7 6. Nge2 d6 7. d4 O-O 8. O-O
Bd7 9. b3 Rb8 10. Bb2 a6 11. Qd2 b5 12. cxb5 axb5 13. dxc5 dxc5 14. Rfd1 Qc8
15. Nd5 Bg4 16. Nxf6+ exf6 17. f3 Be6 18. Qd6 Nb4 19. Rac1 Rd8 20. Qxd8+ Qxd8
21. Rxd8+ Rxd8 22. Nf4 Nxa2 23. Nxe6 fxe6 24. Rxc5 Rd2 25. Rc8+ Kf7 26. Rc7+
Kg8 1/2-1/2

[Event "Bayern-chTT (RL Nord-Ost)"]
[Site "Bayern 2008/09"]
[Date "2009.02.01"]
[Round "6.8"]
[White "Egert, Stefan"]
[Black "Mitterhuemer, Guenter"]
[Result "1-0"]
[WhiteElo "1835"]
[BlackElo "2039"]
[PlyCount "119"]
[EventDate "2009.03.??"]
[EventType "team-tourn"]
[EventRounds "9"]
[WhiteTeam "Dietfurt 1"]
[BlackTeam "Postbauer 1"]

1. e4 d5 2. exd5 Nf6 3. Nc3 Nxd5 4. Bc4 e6 5. Nf3 Nxc3 6. bxc3 Be7 7. O-O O-O
8. d4 b6 9. Bf4 Bb7 10. Re1 Nd7 11. Rb1 Bd6 12. Ne5 Nxe5 13. Bxe5 Qg5 14. f3
Rfd8 15. Qe2 Rac8 16. a4 c5 17. f4 Qe7 18. Bd3 Bxe5 19. dxe5 c4 20. Be4 Bxe4
21. Qxe4 Qc5+ 22. Kh1 Qd5 23. Qxd5 exd5 24. Red1 Rc5 25. Kg1 Kf8 26. Kf2 Ra5
27. Rb4 Rc8 28. Ke3 Ke7 29. g4 Rcc5 30. f5 Ra6 31. Rb5 Ra5 32. Rb4 b5 33. axb5
Rcxb5 34. Rxb5 Rxb5 35. Ra1 a5 36. Kd4 Kd7 37. h3 Kc6 38. g5 g6 39. fxg6 hxg6
40. h4 Kd7 41. Rf1 Ke7 42. Rf6 Rb2 43. Kxd5 Rxc2 44. Kxc4 Rh2 45. Rf4 Ke6 46.
Kb5 Kxe5 47. Rxf7 a4 48. Ra7 Rb2+ 49. Kc4 Ra2 50. Ra6 Rh2 51. Rxa4 Rxh4+ 52.
Kb5 Rxa4 53. Kxa4 Kf5 54. Kb5 Kxg5 55. c4 Kf6 56. c5 Ke7 57. Kb6 g5 58. c6 g4
59. c7 g3 60. c8=Q 1-0

[Event "Bayern-chTT (RL Nord-Ost)"]
[Site "Bayern 2008/09"]
[Date "2009.02.01"]
[Round "6.1"]
[White "Orsag, Milan"]
[Black "Van Ginkel, Pieter"]
[Result "1-0"]
[WhiteElo "2391"]
[BlackElo "2202"]
[PlyCount "81"]
[EventDate "2009.03.??"]
[EventType "team-tourn"]
[EventRounds "9"]
[WhiteTeam "Forchheim 2"]
[BlackTeam "Nürnberg-SW 1"]

1. d4 d5 2. Nf3 e6 3. c4 c5 4. cxd5 exd5 5. Nc3 Nc6 6. g3 Nf6 7. Bg2 Be7 8. O-O
O-O 9. Bg5 b6 10. Rc1 Be6 11. h3 Rc8 12. e3 h6 13. Bxf6 Bxf6 14. Qd2 c4 15. Kh2
a6 16. Rfd1 b5 17. e4 dxe4 18. Nxe4 Bd5 19. Qf4 Nb4 20. Nxf6+ Qxf6 21. Qxf6
gxf6 22. a3 Nd3 23. Rc2 Rfe8 24. Rcd2 Rcd8 25. Nh4 Ne1 26. Bxd5 Rxd5 27. g4 Kh7
28. Kg3 Nd3 29. Nf5 Re6 30. b3 Rb6 31. f3 Rd7 32. h4 Rd8 33. h5 Rd7 34. Rb1 Rc6
35. bxc4 bxc4 36. Rc2 Rc8 37. Rc3 Rc6 38. Rb8 Ra7 39. Rd8 Nb2 40. d5 Na4 41.
Re3 1-0

[Event "Bayern-chTT (RL Nord-Ost)"]
[Site "Bayern 2008/09"]
[Date "2009.02.01"]
[Round "6.2"]
[White "Saathoff, Richard"]
[Black "Bade, Joern"]
[Result "0-1"]
[WhiteElo "2105"]
[BlackElo "2250"]
[PlyCount "66"]
[EventDate "2009.03.??"]
[EventType "team-tourn"]
[EventRounds "9"]
[WhiteTeam "Nürnberg-SW 1"]
[BlackTeam "Forchheim 2"]

1. e4 e5 2. Nf3 Nc6 3. Bc4 Nf6 4. Ng5 d5 5. exd5 Na5 6. b3 Bc5 7. d3 Bg4 8. Qd2
Nxd5 9. O-O Nxc4 10. bxc4 Nf6 11. Bb2 h6 12. Nf3 Bxf3 13. gxf3 Nd7 14. d4 Bxd4
15. Bxd4 exd4 16. Re1+ Kf8 17. Qb4+ Kg8 18. Qxb7 Nc5 19. Qc6 Ne6 20. Nd2 Qg5+
21. Kh1 Rd8 22. Ne4 Qf4 23. Ng3 h5 24. Qe4 Qf6 25. h4 Nc5 26. Qe7 Qxe7 27. Rxe7
Ne6 28. Re1 Rh6 29. Re5 Kf8 30. R5xe6 Rxe6 31. Rxc7 Ra6 32. Ne4 Rxa2 33. Ng5
Rxc2 0-1

[Event "Bayern-chTT (RL Nord-Ost)"]
[Site "Bayern 2008/09"]
[Date "2009.02.01"]
[Round "6.3"]
[White "Burggraf, Michael"]
[Black "Stiller, Juergen"]
[Result "0-1"]
[WhiteElo "2121"]
[BlackElo "2158"]
[PlyCount "34"]
[EventDate "2009.03.??"]
[EventType "team-tourn"]
[EventRounds "9"]
[WhiteTeam "Forchheim 2"]
[BlackTeam "Nürnberg-SW 1"]

1. e4 e6 2. Nc3 d5 3. g3 dxe4 4. Nxe4 Bd7 5. Bg2 Bc6 6. f3 f5 7. Nf2 e5 8. Qe2
Qd5 9. b3 Nd7 10. Bb2 O-O-O 11. O-O-O Ngf6 12. d4 exd4 13. Rxd4 Qa5 14. a4 Bc5
15. Rd1 Rhe8 16. Qf1 Nd5 17. Rxd5 Re1+ 0-1

[Event "Bayern-chTT (RL Nord-Ost)"]
[Site "Bayern 2008/09"]
[Date "2009.02.01"]
[Round "6.4"]
[White "Eiber, Manfred"]
[Black "Weigel, Robert ProfDr"]
[Result "1/2-1/2"]
[WhiteElo "2122"]
[BlackElo "2089"]
[PlyCount "82"]
[EventDate "2009.03.??"]
[EventType "team-tourn"]
[EventRounds "9"]
[WhiteTeam "Nürnberg-SW 1"]
[BlackTeam "Forchheim 2"]

1. d4 Nf6 2. Bg5 c5 3. Bxf6 gxf6 4. d5 Qb6 5. Qc1 f5 6. g3 Bh6 7. e3 e5 8. Nd2
Qf6 9. f4 exf4 10. exf4 O-O 11. Ngf3 Re8+ 12. Kf2 d6 13. Bd3 Nd7 14. c4 b5 15.
b3 Nb6 16. Qc2 bxc4 17. bxc4 Bd7 18. Rab1 Rab8 19. Rhe1 Rxe1 20. Rxe1 Na4 21.
Rb1 Rb4 22. Rxb4 cxb4 23. Nb3 Nb2 24. Nfd4 Nxd3+ 25. Qxd3 Bg7 26. Ke3 h5 27.
Nc6 Qb2 28. Qd2 Qa3 29. Qxb4 Qxa2 30. Nd2 Qc2 31. Qb3 Qc1 32. Qb1 Qa3+ 33. Ke2
Bc3 34. Qb8+ Kg7 35. Qxa7 Qc1 36. Qe3 Bxd2 37. Qxd2 Qxc4+ 38. Qd3 Qa2+ 39. Qd2
Qc4+ 40. Qd3 Qa2+ 41. Qd2 Qc4+ 1/2-1/2

[Event "Bayern-chTT (RL Nord-Ost)"]
[Site "Bayern 2008/09"]
[Date "2009.02.01"]
[Round "6.5"]
[White "Zier, Oliver"]
[Black "Bunk, Karsten"]
[Result "1/2-1/2"]
[WhiteElo "1972"]
[BlackElo "2010"]
[PlyCount "52"]
[EventDate "2009.03.??"]
[EventType "team-tourn"]
[EventRounds "9"]
[WhiteTeam "Forchheim 2"]
[BlackTeam "Nürnberg-SW 1"]

1. d4 Nf6 2. c4 g6 3. Nc3 d5 4. cxd5 Nxd5 5. e4 Nxc3 6. bxc3 Bg7 7. Bc4 c5 8.
Ne2 O-O 9. O-O Nc6 10. Be3 Qc7 11. Rc1 Rd8 12. Bf4 Qa5 13. Qb3 Rf8 14. Rfd1 e5
15. Be3 Qc7 16. Qb1 Na5 17. Bd5 c4 18. dxe5 Bxe5 19. Bh6 Re8 20. Qb5 Bg4 21. f3
a6 22. Qa4 Be6 23. Bxe6 Rxe6 24. Rd7 Qb6+ 25. Kh1 Rd6 26. Rxd6 Bxd6 1/2-1/2

[Event "Bayern-chTT (RL Nord-Ost)"]
[Site "Bayern 2008/09"]
[Date "2009.02.01"]
[Round "6.7"]
[White "Schulze, Harald(61)"]
[Black "Redzepovic, Irfan"]
[Result "1/2-1/2"]
[WhiteElo "2108"]
[BlackElo "2076"]
[PlyCount "27"]
[EventDate "2009.03.??"]
[EventType "team-tourn"]
[EventRounds "9"]
[WhiteTeam "Forchheim 2"]
[BlackTeam "Nürnberg-SW 1"]

1. b4 Nf6 2. Bb2 e6 3. a3 b6 4. c4 d5 5. e3 Bd6 6. Nf3 Nbd7 7. d4 dxc4 8. Bxc4
O-O 9. O-O Bb7 10. Nbd2 Ne8 11. Qe2 Qf6 12. Ba6 Bxa6 13. Qxa6 Qh6 14. Qb5
1/2-1/2